Statistiques concernant De quel pays vient cette voiture ?

Cliquez ici pour prendre le quiz!

Statistiques générales

  • Ce quiz a été pris 102 fois
  • Le résultat moyen est 12 sur 20

Statistiques - réponses

HintRéponse% Correct
EspagneE
100%
PolognePL
100%
LuxembourgL
91%
FranceF
87%
PortugalP
87%
AllemagneD
86%
ItalieI
86%
SuèdeS
86%
AutricheA
83%
BelgiqueB
83%
RoumanieRO
81%
HongrieH
80%
NorvègeN
79%
GéorgieGE
77%
VaticanV
76%
GrèceGR
75%
ChypreCY
73%
Pays-BasNL
65%
AndorreAND
63%
MalteM
61%
République tchèqueCZ
56%
EstonieEST
53%
Royaume-UniUK
53%
DanemarkDK
50%
FinlandeFIN
50%
LituanieLT
50%
MonacoMC
50%
RussieRUS
50%
BulgarieBG
47%
SuisseCH
47%
SerbieSRB
47%
IrlandeIRL
46%
MoldavieMD
41%
BiélorussieBY
36%
CroatieHR
36%
LettonieLV
33%
MonténégroMNE
20%
Bosnie-HerzégovineBIH
19%
SlovénieSLO
18%
UkraineUA
17%
Saint-MarinRSM
13%
SlovaquieSK
13%
LiechtensteinFL
10%
Macédoine du NordNMK
7%
KosovoRKS
0%

Distribution des résultats

Percentile par nombre de réponses

% des personnes avec chaque résultat

Votre développement - résultats

Vous n’avez pas pris ce quiz